Statistiques concernant Films avec des réalisateurs-acteurs par image n°2

Cliquez ici pour prendre le quiz!

Statistiques générales

  • Ce quiz a été pris 18 fois
  • Le résultat moyen est 5 sur 32

Statistiques - réponses

Réponse% Correct
Albert Dupontel
88%
Andy Warhol
71%
Claude Chabrol
53%
Jim Jarmusch
47%
Pier Paolo Pasolini
47%
Jean-Pierre Mocky
35%
John Huston
18%
Tonie Marshall
18%
Frederick Wiseman
12%
Le Bruit des glaçons
12%
Naissance d'une nation
12%
Otto Preminger
12%
66 scener fra Amerika
6%
Avengers
6%
Brooklyn Boogie
6%
Chinatown
6%
Grandeur et décadence d'un petit commerce de cinéma
6%
Jerzy Skolimowski
6%
Les Cinéphiles
6%
Manoel de Oliveira
6%
Pierre Léon
6%
Raoul Walsh
6%
Stalag 17
6%
Alouette, je te plumerai
0%
Les Enfants des autres
0%
Dominique Cabrera
0%
La Campagne de Cicéron
0%
La Montagne Sacrée
0%
Leni Riefenstahl
0%
Lisbonne Story
0%
Tue et fais ta prière
0%
Un petit cas de conscience
0%

Distribution des résultats

Percentile par nombre de réponses

% des personnes avec chaque résultat

Votre développement - résultats

Vous n’avez pas pris ce quiz